000 00760nam a22001937a 4500
999 _c192846
_d192846
005 20221010120719.0
010 _aRP B-745777
020 _c590.00
035 _aB-745777
037 _bChampion Publication
082 _a513
100 _aPratap, Gagan
245 _aComplete Classnotes Arithmetics:
_bUseful For CET, SSC, CGL, CPO, CHSL, CDS and other competitive exams/
_cGagan Pratap
260 _aDelhi
_bChampion Publication
_c2022
270 _a2nd Floor, Jaina Ext. Dr. Mukherjee Nagar
_bDelhi
_e110009
300 _a770p.
_c28cm(pbk)
942 _2ddc
_cEN
_h513
_mARI